Three days in June (Record no. 5042)

MARC details
000 -CABECERA
campo de control de longitud fija 02022cam a2200313 i 4500
001 - NÚMERO DE CONTROL
campo de control 991027329715207026
003 - IDENTIFICADOR DEL NÚMERO DE CONTROL
campo de control UkOxU
005 - FECHA Y HORA DE LA ÚLTIMA TRANSACCIÓN
campo de control 20251013164527.0
007 - CAMPO FIJO DE DESCRIPCIÓN FÍSICA--INFORMACIÓN GENERAL
campo de control de longitud fija ta
008 - DATOS DE LONGITUD FIJA--INFORMACIÓN GENERAL
campo de control de longitud fija 241119t20252025enk e 000 1 eng d
020 ## - NÚMERO INTERNACIONAL ESTÁNDAR DEL LIBRO
Número Internacional Estándar del Libro 9781784745769
035 ## - NÚMERO DE CONTROL DEL SISTEMA
Número de control de sistema (OCoLC)1473700891
Número de control cancelado/no válido (OCoLC)1435478645
-- (OCoLC)1435479725
035 ## - NÚMERO DE CONTROL DEL SISTEMA
Número de control de sistema (OCoLC)on1473700891
040 ## - FUENTE DE LA CATALOGACIÓN
Centro catalogador/agencia de origen AU@
Lengua de catalogación eng
Normas de descripción rda
Centro/agencia transcriptor AU@
Centro/agencia modificador AUNTL
-- OCLCO
-- AUPTL
-- YDX
-- ATMOR
-- UkOxU
041 ## - CÓDIGO DE LENGUA
Código de lengua del texto/banda sonora o título independiente eng
050 ## - SIGNATURA TOPOGRÁFICA DE LA BIBLIOTECA DEL CONGRESO
Número de clasificación PS3570.Y45
Número de documento/Ítem T497 2025
100 ## - ENTRADA PRINCIPAL--NOMBRE DE PERSONA
Nombre de persona Tyler, Anne
Término indicativo de función/relación author
9 (RLIN) 26144
245 10 - MENCIÓN DE TÍTULO
Título Three days in June
Mención de responsabilidad, etc. / Anne Tyler.
260 ## - PUBLICACIÓN, DISTRIBUCIÓN, ETC.
Lugar de publicación, distribución, etc. London :
Nombre del editor, distribuidor, etc. Chatto & Windus,
Fecha de publicación, distribución, etc. 2025.
300 ## - DESCRIPCIÓN FÍSICA
Extensión 164 pages ;
Dimensiones 21 cm
520 ## - SUMARIO, ETC.
Sumario, etc. It's the day before her daughter's wedding and things are not going well for Gail Baines. First thing, she loses her job – or quits, depending who you ask. Then her ex-husband Max turns up at her door expecting to stay for the festivities. He doesn't even have a suit. Instead, he's brought memories, a shared sense of humour – and a cat looking for a new home. Just as Gail is wondering what's next, their daughter Debbie discovers her groom has been keeping a secret... As the big day dawns, the exes just can't agree on what's best for Debbie. Gail is seriously worried, while Max seems more concerned with whether to opt for the salmon or prime rib at the reception, if they make it that far. The day after the wedding, Gail and Max prepare to go their separate ways again. But all the questions about the future of the happy couple have stirred up the past for Gail. Because 'happy' takes many forms, and sometimes the younger generation has much to teach the older about secrets, acceptance and taking the rough with the smooth.
650 #0 - PUNTO DE ACCESO ADICIONAL DE MATERIA--TÉRMINO DE MATERIA
Término de materia o nombre geográfico como elemento de entrada Divorced people
Subdivisión de forma Fiction
9 (RLIN) 24310
650 #0 - PUNTO DE ACCESO ADICIONAL DE MATERIA--TÉRMINO DE MATERIA
Término de materia o nombre geográfico como elemento de entrada Life change events
Subdivisión de forma Fiction
9 (RLIN) 24020
650 #0 - PUNTO DE ACCESO ADICIONAL DE MATERIA--TÉRMINO DE MATERIA
Término de materia o nombre geográfico como elemento de entrada Parent and adult child
Subdivisión de forma Fiction
9 (RLIN) 24313
650 #0 - PUNTO DE ACCESO ADICIONAL DE MATERIA--TÉRMINO DE MATERIA
Término de materia o nombre geográfico como elemento de entrada Weddings
Subdivisión de forma Fiction
9 (RLIN) 26145
650 #0 - PUNTO DE ACCESO ADICIONAL DE MATERIA--TÉRMINO DE MATERIA
Término de materia o nombre geográfico como elemento de entrada Secrecy
Subdivisión de forma Fiction
9 (RLIN) 25722
650 #0 - PUNTO DE ACCESO ADICIONAL DE MATERIA--TÉRMINO DE MATERIA
Término de materia o nombre geográfico como elemento de entrada Self-actualization (Psychology)
Subdivisión de forma Fiction
9 (RLIN) 26146
942 ## - ELEMENTOS DE ENTRADA AGREGADA (KOHA)
Fuente del sistema de clasificación o colocación Clasificación de Library of Congress
Holdings
Estado de retiro Estado de pérdida Fuente del sistema de clasificación o colocación Estado dañado No para préstamo Biblioteca de origen Biblioteca actual Fecha de adquisición Total de préstamos Signatura topográfica completa Código de barras Fecha visto por última vez Número de copia Precio válido a partir de Tipo de ítem Koha
    Clasificación de Library of Congress     TBS Barcelona TBS Barcelona 13/10/2025   P-EN TYL B07684 13/10/2025 1 13/10/2025 Book

Powered by Koha